(18) - 50 villes les plus peuplées du Cher (18) - Statistiques

Statistiques générales
  • Ce quiz a été pris 12 fois
  • Le résultat moyen est 11 sur 50
Statistiques - réponses
nombre d'habitant ville % Correct
64 186 Bourges
100%
25 068 Vierzon
78%
1 269 Sancerre
67%
6 380 Mehun-sur-Yèvre
44%
9 899 Saint-Amand-Montrond
44%
9 647 Saint-Doulchard
44%
6 463 Saint-Florent-sur-Cher
44%
2 546 Saint-Martin-d'Auxigny
44%
5 451 Aubigny-sur-Nère
33%
3 524 Dun-sur-Auron
33%
2 046 Foëcy
33%
1 721 Henrichemont
33%
3 681 La Chapelle-Saint-Ursin
33%
3 151 La Guerche-sur-l'Aubois
33%
1 877 Les Aix-d'Angillon
33%
2 632 Méreau
33%
4 779 Saint-Germain-du-Puy
33%
2 951 Sancoins
33%
4 055 Trouy
33%
2 023 Argent-sur-Sauldre
22%
2 909 Avord
22%
1 629 Châteaumeillant
22%
1 360 Châteauneuf-sur-Cher
22%
1 310 Lignières
22%
1 126 Neuvy-sur-Barangeon
22%
1 619 Orval
22%
1 408 Saint-Satur
22%
1 088 Savigny-en-Sancerre
22%
1 021 Cours-les-Barres
11%
1 891 Fussy
11%
1 234 Graçay
11%
1 345 Massay
11%
1 403 Nérondes
11%
2 026 Vignoux-sur-Barangeon
11%
1 142 Allogny
0%
1 036 Allouis
0%
1 598 Baugy
0%
1 168 Berry-Bouy
0%
1 397 Boulleret
0%
1 023 Farges-en-Septaine
0%
1 303 Jouet-sur-l'Aubois
0%
1 110 Léré
0%
1 357 Levet
0%
1 486 Lunery
0%
1 963 Marmagne
0%
1 626 Menetou-Salon
0%
2 101 Plaimpied-Givaudins
0%
1 581 Saint-Éloy-de-Gy
0%
1 111 Sainte-Solange
0%
1 579 Vasselay
0%
Aucun quiz correspondant
Distribution des résultats
% des personnes avec chaque résultat
Percentile par nombre de réponses
Votre historique - résultats
Vous n’avez pas pris ce quiz